000 00516nam a2200181Ia 4500
008 240729s9999 xx 000 0 und d
022 _a1757-1146
245 0 _aJournal of Foot and Ankle Research
260 _aUnited States
260 _bWiley
650 _a Diseases of the musculoskeletal system
650 _a Internal medicine
650 _a Specialties of internal medicine
650 _aMedicine
856 _uhttps://doaj.org/toc/654a80499c594cd096d39fd96107d809
942 _2ddc
942 _cDOAJEJ
999 _c67396
_d67396
945 _a1
_bMadushi Gamage
_c1
_dMadushi Gamage